00403cam a2200169u 4500001001300000003000400013005001700017008004100034010001700075040001900092050001400111100002600125245003200151260001900183300001400202999001700216unk81051713 DLC20260227112759.0820120s1904 xx 000 0 eng  aunk81051713  aDLCcCarPdDLC00aF95b.G931 a[Guernsey, Jessie E.]10aConnecticut history series. a[n. p.]c1904. a1 v.bcm. c91343d91343